| 000 | 00736nam a2200217Ii 4500 | ||
|---|---|---|---|
| 003 | JO-AjNU | ||
| 008 | 230605s9999||||xx |||||||||||||| ||und|| | ||
| 017 | _a2002/1/196 | ||
| 040 |
_aJO-AjNU _bara _erda _cJO-AjNU |
||
| 041 | _aara | ||
| 050 | 1 | 4 | _aDS154.9.A5.A2277 2002 |
| 100 | 3 |
_aرشيد، عبدالله, _eauthor _949572 |
|
| 245 | 0 | 0 | _aملامح الحياة الشعبية في مدينة معان 1878-1948 |
| 250 | _aط2 | ||
| 264 | 3 | 1 | _aعمان: المؤلف، 2002 |
| 300 |
_a141ص _bصور توضيحية |
||
| 336 |
_atext _btxt _2rdacontent |
||
| 337 |
_aunmediated _bn _2rdamedia |
||
| 338 |
_avolume _bnc _2rdacarrier |
||
| 650 | 4 |
_aالاردن-تاريخ-عمان-الحياة الشعبية 1878-1948 _949573 |
|
| 999 |
_aA21781 _c25349 _d25349 |
||